000 00886nam a2200253 a 4500
001 000025305
005 20200120222109.0
008 031018s2002 cola gr0 000 d
020 _a958-8061-95-4
082 0 4 _a610.696
_bV17v
100 0 _aVasco, Irene
245 1 0 _aVamos al médico: guía para padres /
_cpor Irene Vasco; ilustraciones: Esperanza Vallejo.
260 _aBogotá :
_bAguilar,
_c2002.
300 _a12p. :il., col.
490 0 _aPalabras que acompañan
500 _aPrograma patrocinado por medicamentos Dolex de GlaxoSmithkline
500 _aEj.1 de Mosquera donado por la Biblioteca Nacional - PNLB 2012.
517 _aTítulo origjnal: Vamas al médico
650 1 4 _aMEDICINA FAMILIAR
650 1 4 _aMEDICO Y PACIENTE
650 1 4 _aNIÑOS
700 1 _aVallejo, Esperanza, il.
901 _aDonación, Biblioteca Nacional de Colombia, Octubre 8 de 2002
999 _c1394
_d1394